000 00353nam a2200145Ia 4500
008 231217s9999 xx 000 0 und d
041 _aEnglish
082 _a001.6424C LEA1' R'
100 _aLeach, Ronald
245 0 _aUsing C in software design
260 _c1994
_bSan Diego : Academic Press,
300 _axi+398
650 _aC
942 _cAA
999 _c165257
_d165257